000 00529nam a2200181Ia 4500
008 240925s9999 xx 000 0 und d
020 _a136142230
082 _a005.72 JEL
100 _aJelliffe, Rick
245 4 _aThe XML and SGML Cook Book: recipes for structured information
250 _aNA
260 _aNew Jersey:
_bPrintice- Hall Int.
_c,1998.
300 _axl,600p.
_bNA
_fOriginal
500 _aIncludes Index
600 _aComputer Science
650 _aComputer science, information & general works
942 _cBK
999 _c5180
_d5180